000 00645nam a2200277Ia 4500
005 20260324124323.0
008 008 260324s9999 xx 000 0 eng d
020 _a9780429478321
037 _aEBOOK
040 _aCRL
040 _beng
040 _cCRL
041 _2eng
041 _aeng
084 _qCRL
100 _aKaren Vibeke Mortensen; Liselotte Grunbaum
_91173696
245 0 _aPlay and Power
260 _bTaylor and Francis
260 _c2010
365 _a
365 _b220
856 _uhttp://www.taylorfrancis.com/books/9780429478321
942 _cEBOOK
999 _c1767984
_d1767984